Gaming Quiz

Random Gaming or Video Games Quiz

DBZ Budokai Tenkaichi 3: Playable Character or Not? Quiz Stats

 Plays Quiz not verified by Sporcle

Challenge
Share
Tweet
Embed
Score 0/35 Timer 04:00
1 Play Today
% Correct
Super Saiyan God Goku
57%
Beerus
56.7%
Staff Officer Black (Battle Jacket)
56.4%
Golden Frieza
56.2%
Ninja Murasaki
56.1%
Bio-Broly
56%
Caroni
55.4%
Major Metallitron
55.3%
Cacao
54.8%
Ox-King
54.7%
Goku Black
54.5%
Kogu
54.2%
Ozotto
54.1%
Olibu
53%
Dore
53%
Chi-Chi (Adult)
53%
Sūi
52.9%
Legendary Super Saiyan 3 Broly
52.9%
% Correct
General Rilldo
51.8%
Super Saiyan Bardock
51.5%
Goten (GT)
50.9%
Hatchiyack
50.9%
Neiz
50.2%
Tarble
50.1%
Bulma
48.4%
Mr. Popo
47.9%
King Kai
46.6%
Goku Jr.
45.7%
Jiren
44.4%
Android #14
44%
Trunks (GT)
44%
Eis Shenron
43.5%
Android #15
42.9%
Pui Pui
37.3%
Great Ape Kid Gohan
31.7%

You're not logged in!

Compare scores with friends on all Sporcle quizzes.
Join for Free
OR
Log In

You Might Also Like...

Show Comments

Extras

Top Quizzes Today


Score Distribution

Your Account Isn't Verified!

In order to create a playlist on Sporcle, you need to verify the email address you used during registration. Go to your Sporcle Settings to finish the process.

Report this User

Report this user for behavior that violates our Community Guidelines.

Details: